|
|
|
|
| LEADER |
01495nam a22002657a 4500 |
| 001 |
45324 |
| 003 |
BD-DhAAL |
| 005 |
20260430171458.0 |
| 008 |
260203r20232023bg |||| |||| 00| 0 ben d |
| 020 |
|
|
|a 9789849724315
|
| 040 |
|
|
|a BD-DhAAL
|d BD-DhAAL
|
| 041 |
|
|
|b ben
|
| 082 |
|
|
|a 954.9205
|
| 100 |
|
|
|a চৌধুরী, আফসান.
|9 59965
|
| 245 |
1 |
0 |
|a বাংলাদেশের স্বাধীনতার আন্দোলন ধারাবাহিকতার ইতিহাস (১৯০৫-১৯৭১) /
|c আফসান চৌধুরী.
|
| 246 |
|
|
|a Bangaldesh shadinota andolon dharabahikatat itihas (1905-1971)
|
| 260 |
|
|
|a ঢাকা :
|b কথাপ্রকাশ,
|c ২০২৩ [দ্বিতীয় মুদ্রণ].
|
| 300 |
|
|
|a ১৫০ পৃষ্ঠা ;
|c ২২ সে.মি.
|
| 526 |
8 |
|
|a ENH
|x Sabreena Ahmed, PhD
Associate Professor
Department of English and Humanities
|
| 541 |
1 |
|
|a Hye Trade International
|e 45324
|
| 651 |
|
|
|a Bangladesh
|x History
|y Revelation, 1971.
|9 60242
|
| 651 |
|
|
|a বাংলাদেশ
|x ইতিহাস
|y মুক্তিযুদ্ধ, ১৯৭১.
|
| 942 |
|
|
|c BK
|2 ddc
|
| 999 |
|
|
|c 47677
|d 47677
|
| 952 |
|
|
|0 0
|1 0
|2 ddc
|4 0
|6 954_920500000000000_CHO
|7 0
|9 78747
|a BRACUL
|b BRACUL
|c BNC
|d 2026-01-29
|e Hye Trade International
|g 312.00
|l 0
|o 954.9205 CHO
|p 3010045324
|r 2026-01-29
|t 1
|v 624.00
|w 2026-01-29
|y BK
|x Requisitioned by Sabreena Ahmed, PhD (Associate Professor, Department of English and Humanities, BRAC University)
|